Responses for Show #1938 - Wednesday, January 27, 1993

Diane Siegel game 3.

Contestants

[<< previous game]

J.C. Carson, a retired government employee from Honolulu, Hawaii

Roberta Johnson, a library clerk from Chicago, Illinois

Diane Siegel, a homemaker from Northridge, California (whose 2-day cash winnings total $27,800)

[next game >>]

Jeopardy! Round responses

BOATS & SHIPS
WEATHER
BROADWAY LYRICS
COLORS
TREATIES
"UP"S & "DOWN"S
    $100 26
a tugboat

Diane
    $100 21
take warning

Roberta
    $100 1
(Roberta: What is the coffee?)

"my coffee"

RobertaJC
    $100 2
the Black Hills

Diane
    $100 11
Spain

Roberta
    $100 16
Upstairs, Downstairs

Roberta
    $200 27
a canoe

Roberta
    $200 22
a front

Diane
    $200 3
"grow up"

JC
    $200 4
bluing

Diane
    $200 12
Camp David

JC
    $200 17
Hugh Downs

Diane
    $300 28
nuclear power

Diane
    $300 23
the wind

Roberta
    $300 5
"a wandering star"

Diane
    $300 8
Zane Grey

Diane
    $300 13
Germany & Italy

JC
    $300 18
upstream

Diane
    $400 29
a yacht

Roberta
    $400 24
cirrus

Roberta
    $400 6
"a stranger in paradise"

Diane
    $400 9
(JC: What is Blue Lagoon?)

Purple Rain

RobertaJC
    $900 14
the War of 1812

JC
    $400 19
John Updike

Diane
    $500 30
a clipper ship

Diane
    $500 25
the Grand Banks

Roberta
    $500 7
(Diane: What is "we kiss in the shadows"?)

"a shadow"

DianeJC
    $500 10
Green Bay

Roberta
    $500 15
the Boer War

Roberta
    $500 20
Upper Volta

Roberta

Scores at the first commercial break (after clue 13):

Diane Roberta JC
$800 $900 $900

Scores at the end of the Jeopardy! Round:

Diane Roberta JC
$2,800 $3,900 $1,800

Double Jeopardy! Round responses

AMERICAN HISTORY
DINOSAURS
MUSEUMS
THE BIBLE
WORLD FACTS
SHAKESPEARE
    $200 12
(JC: What is de la Ware?)
(Alex: Well...)
(JC: de la Ware.)
(Alex: de la Ware. [*]. We're getting a nod of acceptance from our head judge over there, so we're giving it to you.)

de la Warr

JC
    $200 1
(Roberta: What is [*] rex?)

Tyrannosaurus

Roberta
    $200 8
Nevada

JC
    $200 30
Jesus

Diane
    $200 6
fjords

Roberta
    $200 20
Verona

Roberta
    $400 13
Pocahontas

Diane
    $400 2
2

Roberta
    $400 14
New Orleans

JC
    $400 29
(Diane: What is frankincense?)
(JC: What is myrrh?)
...
(Alex: Frankincense is so pure, it doesn't have all these compounds in it.)

incense

DianeJC
Triple Stumper
    $400 7
(Roberta: What is the Jordan?)
(JC: What is the Euphrates?)

the Tigris

DianeRobertaJC
    $400 21
Taming of the Shrew

Roberta
    $600 15
John Mitchell

JC
    $600 3
(Alex: Something in common with me.)

Stegosaurus

Roberta
    $600 17
Madame Tussauds Wax Museum

Roberta
    $600 28
Luke

JC
    $600 9
Switzerland

Roberta
    $600 22
Mistress Quickly

Roberta
    $800 16
the French and Indian War

Diane
    $800 4
Triceratops

Roberta
    $800 18
New York City

Diane
    $800 27
Lucifer

Roberta
    $800 10
a Gurkha

Roberta
    $800 23
Queen Elizabeth I

Diane
    $1000 25
(JC: What is Texas?)

Tennessee

JC
Triple Stumper
    $1000 5
Iguanodon

JC
    $1000 19
the Rijksmuseum

Triple Stumper
    $4,000 26
Jacob

Diane
    $1000 11
Kenya

JC
    $2,000 24
(Diane: Who is Cardinal Wolseley?)
(Alex: Oh, gosh. I hate these moments. You added some letters, and it's not just a question of mispronunciation. You said Wolseley instead of [*].)

Cardinal Wolsey

Diane

Scores at the end of the Double Jeopardy! Round:

Diane Roberta JC
$7,800 $9,700 $4,000

[wagering suggestions for these scores]

Final Jeopardy! Round responses

U.S. CITIES
JCWhat is Palo Alto?
$4,000
DianeWhat is Palo Alto?
$7,779
RobertaWhat is ?
$5,901
Palo Alto

Final scores:

Diane Roberta JC
$15,579 $3,799 $8,000
3-day champion: $43,379 3rd place: Marco Gianni French leather trench coat + Wheel of Fortune & Jeopardy! games for the Super Nintendo & Sega Genesis 2nd place: trip to Killington, Vermont with TWA flight to Hartford, Connecticut

Game dynamics:

Coryat scores:

Diane Roberta JC
$6,800 $9,700 $3,500
19 R
(including 1 DD),
3 W
(including 1 DD)
24 R,
2 W
13 R
(including 1 DD),
4 W

Combined Coryat: $20,000

[game clues] [game scores] [suggest correction]

Game tape date: 1992-10-26
The J! Archive is created by fans, for fans. Scraping, republication, monetization, and malicious use prohibited; this site may use cookies and collect identifying information. See terms. The Jeopardy! game show and all elements thereof, including but not limited to copyright and trademark thereto, are the property of Jeopardy Productions, Inc. and are protected under law. This website is not affiliated with, sponsored by, or operated by Jeopardy Productions, Inc. Join the discussion at JBoard.tv.